Normal view
MARC view
Entry Personal Name
001 - CONTROL NUMBER
- control field: 8460
003 - CONTROL NUMBER IDENTIFIER
- control field: HDC
005 - DATE AND TIME OF LATEST TRANSACTION
- control field: 20230624073300.0
008 - FIXED-LENGTH DATA ELEMENTS
- fixed length control field: 210129|| aca||aabn | a|a d
040 ## - CATALOGING SOURCE
- Original cataloging agency: HDC
- Transcribing agency: HDC
100 ## - HEADING--PERSONAL NAME
- Personal name: Meirelles, Antonio J. A.
670 ## - SOURCE DATA FOUND
- Source citation: Work cat.: (HDC): Meirelles, Antonio J. A., author, Extracting bioactive compounds for food products: Theory and Applications :, 2009
